|
|
|
|
| LEADER |
00000nab a2200000 ar4500 |
| 001 |
vtls008299701 |
| 003 |
SK-MaSNL |
| 005 |
20260319070559.0 |
| 008 |
160322c2005 xo |||||| | 000 b|hun |
| 015 |
|
|
|a SNBRB2005/07
|2 snkbucl
|
| 038 |
|
|
|a SNKBUCL
|
| 040 |
|
|
|a DSZK
|b slo
|c DSZK
|e AACR2
|
| 041 |
0 |
|
|a hun
|
| 044 |
|
|
|a xo
|c SK
|
| 080 |
|
|
|a 32-051:342.534
|2 UDC-MRF-SK2
|
| 080 |
|
|
|a 929 Gál, Gábor
|2 UDC-MRF-SK2
|
| 100 |
1 |
|
|a Póda, Erzsébet,
|d 1965-
|4 ivr
|4 aut
|9 340268
|
| 245 |
1 |
3 |
|a Az ideális felelősségteljes
|c Póda Erzsébet, Gál Gábor
|
| 300 |
|
|
|b Fotogr.
|
| 600 |
1 |
7 |
|a Gál, Gábor,
|d 1974-
|2 snkbucl
|9 115248
|
| 700 |
1 |
|
|a Gál, Gábor,
|d 1974-
|4 ive
|4 aut
|9 115248
|
| 773 |
0 |
|
|t Új nő
|g Sz. 6 (2005), o. 45
|x 1335-938X
|
| 852 |
|
|
|a SNK
|b KIS3GCP
|
| 852 |
|
|
|a DSZK
|b KIS3GCP
|
| 958 |
|
|
|a HU
|
| 958 |
|
|
|a BX
|
| 999 |
|
|
|c 1774513
|d 1776443
|